000
00200nam a22000857a 4500
020
_a
9789945800524
245
0
_a
Tovar Retrospectivo
264
_a
Santo Domingo :
_b
E-Graf,
_c
2023.
300
_a
319 Páginas ;
999
_c
58825
_d
58825